| 000 | 00552 a2200169 4500 | ||
|---|---|---|---|
| 020 | _a1578200172 | ||
| 082 | _a621.382 | ||
| 090 |
_c7414 _d7414 |
||
| 100 | _aEdgar, Bob | ||
| 245 |
_aPC Telephony _bThe complete guide to designing building and programming systems using dialogic and related hardware _cEdgar, Bob |
||
| 250 | _a4th ed. | ||
| 260 |
_aUSA _bFlatiron Publishing _c1997 |
||
| 300 |
_a769 p. ; _bill.; _c24 cm. |
||
| 500 | _aIncludes index | ||
| 650 | _a1. Telecommunication. 2. Signal theory (Telecommunication). | ||
| 942 |
_cBK _k621.382 EDG |
||
| 999 |
_c11217 _d11217 |
||